| 000 | 00743cam a22002531 4500 | ||
|---|---|---|---|
| 001 | 3297 | ||
| 003 | BD-RjUL | ||
| 005 | 20211208233716.0 | ||
| 008 | 131218s1951 nyuab b 000 0 eng | ||
| 035 | _a(BD-RjUL)3331 | ||
| 035 | _a(OCoLC)557017 | ||
| 040 |
_aDLC _cODaWU _dOCoLC _dUk _dDLC _dBD-RjUL _beng |
||
| 041 | _aeng | ||
| 082 | 0 | 0 |
_a630.951 _bSHA 1951 |
| 100 | 1 |
_aShen, Tsung-han, _d1895- _910401 |
|
| 245 | 1 | 0 |
_aAgricultural resources of China / _cT. H. Shen. |
| 260 |
_aIthaca : _bCornell University Press, _c1951. |
||
| 300 |
_axviii, 407 p. : _bmaps, tables. ; _c24 cm. |
||
| 504 | _aBibliographical footnotes and index. | ||
| 650 | 0 |
_aAgriculture _zChina. _99201 |
|
| 942 |
_2ddc _cBK |
||
| 999 |
_c3297 _d3297 |
||